000 00900nam a22002777a 4500
001 BR7603943
003 BR-BrBNA
005 20230928085045.0
007 ta
008 230509b bl.||||| |||| 00| 0 por d
040 _aBR-BrBNA
_bpor
_cBiblioteca Nacional de Agricultura
041 _a(Por)
072 _aL73
_b4020
090 _ 4020 BR7603943
100 1 _aMello, N.M.F. de
110 1 _aUniversidade Federal do Parana, Curitiba (Brasil)
_0Tese (Mestrado)
245 1 _aDeterminacao de acucares livres na hemolinfa do triatominae-Panstrongylus megistus [inseto, vetor]
260 3 _aCuritiba, PR (Brasil):
_c1976.
300 _a41 p.
500 _aBibliography p. 31-40 (64 ref.). (*) Documento disponível na(o) UFPR, Curitiba, PR (Brazil). Biblioteca Central
650 _aINSETO
650 _aVETOR
650 _aBIOLOGIA
909 _a202309
_bLucia
_c55
_dLucia Elande
942 _cBK
999 _c22600
_d22600